000
00307 a2200109 4500
001
ART_17918
005
20260410161655.0
008
260409a
245
1
0
_a
Régimen de facilidades de pago
100
1
_a
Baldo, Alberto
773
0
_t
Práctica profesional
_g
- Nº 110 (ene. 2010)
_w
REV542
999
_c
14673
_d
14673